00485 2200193 4500001002100000005001500021008004100036020002200077035001900099041000700118082001000125090001600135100001800151245002200169260004100191300002600232500001100258650002200269INLIS00000000000148820241224112347241224||||||||| | ||| |||| || |  a978-979-22-7480-6 0010-1224001488 aid0 a615.8 a615.8 ANT e0 aAntonius Arif00aEgo State Therapy aJakartabGramedia Pustka Utamac2012 axxiv, 214 hlm.; 20 cm aCet. 2 0aIlmu Keterampilan